Proces starnutia populácie Slovenska v Európskom kontexte

Analýza populačného starnutia obyvateľstva Slovenska. Jeho priestorová diferencovanosť. Komparácia s ostatnými krajinami Európy.

Salvato in:
Dettagli Bibliografici
Autore principale: Káčerová, Marcela
Altri autori: Ondačková, Jana
Natura: Capitolo di libro
Lingua:slovacco
Soggetti:
Tags: Aggiungi Tag
Nessun Tag, puoi essere il primo ad aggiungerne!!

MARC

LEADER 00000naa a2200000 4500
001 0205510
005 20220728114613.3
041 0 |a slo 
044 |a SK 
245 1 0 |a Proces starnutia populácie Slovenska v Európskom kontexte  |c Marcela Káčerová, Jana Ondačková 
520 |a Analýza populačného starnutia obyvateľstva Slovenska. Jeho priestorová diferencovanosť. Komparácia s ostatnými krajinami Európy. 
610 2 0 |a Slovensko 
610 2 0 |a Európa 
610 2 0 |a starnutie populácie 
610 2 0 |a analýza komparatívna 
100 1 |a Káčerová, Marcela 
700 1 |a Ondačková, Jana